| 000 | 00407nam a2200145Ia 4500 | ||
|---|---|---|---|
| 008 | 220217s9999||||xx |||||||||||||| ||und|| | ||
| 020 | _a978-0-07-066901-7 | ||
| 082 | _a005.82 BOS | ||
| 100 |
_aBose, Ranjan _93081 |
||
| 245 | 0 | _aInformation theory, coding and cryptography | |
| 250 | _a2nd | ||
| 260 |
_aTata mcgraw hill company Ltd _bNew Delhi _c2008 |
||
| 300 | _b295 | ||
| 650 |
_aSECURITY _92753 |
||
| 999 |
_c177131 _d177131 |
||